Quiz sur le Liban - Statistiques

Statistiques générales
  • Ce quiz a été pris 13 588 fois
  • Le résultat moyen est 12 sur 20
Statistiques - réponses
Question Réponse % Correct
Capitale et ville la plus peuplée Beyrouth
97%
Langue officielle Arabe
93%
Pays frontaliers Israël
92%
Pays frontaliers Syrie
91%
Pays européen qui avait un mandat sur le Liban entre 1923 et 1946 France
80%
Ancien surnom de celle-ci, relatif à une capitale européenne {Paris} du Moyen-Orient
78%
Catastrophe survenue dans le port de la capitale en 2020 Explosions
76%
Type d'arbre qui figure sur le drapeau Cèdre
68%
Chanteur libanais francophone qui a notamment signé Relax et Elle me dit Mika
66%
Homme d'affaire libanais, PDG de Renault-Nissan, qui a été arrêté au Japon en 2019 et est aujourd'hui en cavale Carlos Ghosn
57%
Parti politique chiite, considéré comme un groupe terroristes par l'Europe Hezbollah
52%
Célèbre acteur hollywoodien, connu pour Urgences ou encore Gravity, qui s'est marié avec une avocate libanaise du nom de Amal Alamuddin George Clooney
48%
Deuxième plus grande ville, qui partage son nom avec une capitale africaine Tripoli
48%
Principale communauté chrétienne au Liban Maronite
45%
Civilisation antique originaire du Liban qui a créé de nombreuses colonies sur la Mer Méditerranée, y compris Carthage Phénicie
42%
Devise monétaire Livre
39%
Région correspondant, en français, au Liban et au pays frontalier #2 Le L{evant}
38%
Religion libanaise basée sur l'Islam et sur le principe de réincarnation D{ruze}
26%
Ville majeure de cette civilisation bâtie sur une île qu'Alexandre le Grand a transformé en péninsule Tyr
23%
Dieu de cette ville que certains israélites vénéraient selon la Bible Baal
14%
Aucun quiz correspondant
Distribution des résultats
% des personnes avec chaque résultat
Percentile par nombre de réponses
Votre historique - résultats
Vous n’avez pas pris ce quiz